UM Logo

Review, analysis, and design of four basic CPT topologies and the application of high-order compensation networks / (Record no. 19342)

MARC details
000 -LEADER
fixed length control field 00857nam a22002057a 4500
003 - CONTROL NUMBER IDENTIFIER
control field OSt
005 - DATE AND TIME OF LATEST TRANSACTION
control field 20250911170626.0
008 - FIXED-LENGTH DATA ELEMENTS--GENERAL INFORMATION
fixed length control field 240223b ||||| |||| 00| 0 eng d
040 ## - CATALOGING SOURCE
Transcribing agency 0
082 ## - DEWEY DECIMAL CLASSIFICATION NUMBER
Classification number DPer 621.317 Ie21 May 2022 v. 37 n. 5
100 ## - MAIN ENTRY--PERSONAL NAME
Personal name Wang, Yao.
Relator term author.
9 (RLIN) 53264
245 ## - TITLE STATEMENT
Title Review, analysis, and design of four basic CPT topologies and the application of high-order compensation networks /
Statement of responsibility, etc. Yao Wang, Hua Zhang, and Fei Lu.
260 ## - PUBLICATION, DISTRIBUTION, ETC. (IMPRINT)
Place of publication, distribution, etc. New York ;
Name of publisher, distributor, etc. The Institute of Electrical and Electronics Engineers, Inc. ,
Date of publication, distribution, etc. May 2022.
300 ## - PHYSICAL DESCRIPTION
Extent Volume 37, pages 6181-6193 :
Other physical details illustration ;
Dimensions 28 cm.
500 ## - GENERAL NOTE
General note IEEE Transactions on Power Electronics, vol. 37, no. 5,pages 6181-6193, May 2022.
700 ## - ADDED ENTRY--PERSONAL NAME
Personal name Wang, Yao.
Relator term author.
9 (RLIN) 53264
700 ## - ADDED ENTRY--PERSONAL NAME
Personal name Zhang, Hua.
Relator term author.
9 (RLIN) 53265
700 ## - ADDED ENTRY--PERSONAL NAME
Personal name Lu, Fei.
Relator term author.
9 (RLIN) 53266
942 ## - ADDED ENTRY ELEMENTS (KOHA)
Source of classification or shelving scheme Dewey Decimal Classification
Koha item type Periodicals
Holdings
Withdrawn status Lost status Source of classification or shelving scheme Damaged status Not for loan Collection code Home library Current library Date acquired Total Checkouts Full call number Date last seen Price effective from Koha item type Public note
    Dewey Decimal Classification     Periodicals UM Digos College - LIC UM Digos College - LIC 02/23/2024   DPer 621.317 Ie21 May 2022 v. 37 n. 5 02/23/2024 02/23/2024 Periodicals Periodical Article